| 000 | 01522nam a2200361 i 4500 | ||
|---|---|---|---|
| 001 | |||
| 003 | DO-SdBNP | ||
| 005 | 20240302073951.0 | ||
| 007 | ta | ||
| 008 | 090819s1979 dr ac 000 0 | ||
| 020 | _a | ||
| 040 |
_aDO-SdBNP _bspa _cBNPHU _erda |
||
| 082 | 4 |
_a330.97293 _bC343h, 1979 _222 |
|
| 100 | 1 |
_aCassá, Roberto, _d1948- _eautor _910888 |
|
| 245 | 1 | 0 |
_aHistoria social y económica de la República Dominicana : _bintroducción a su estudio / _cRoberto Cassá. |
| 250 | _a4 edición | ||
| 264 |
_aSanto Domingo : _bAlfa & Omega, _c1979. |
||
| 300 |
_avolumen _bilustraciones, retratos. _c27 cm. |
||
| 336 |
_2rdacontent _atexto _btxt |
||
| 337 |
_2rdamedia _asin mediación _bn |
||
| 338 |
_2rdacarrier _avolumen _bnc |
||
| 500 | _a | ||
| 500 | _a | ||
| 504 | _a | ||
| 505 | _aPrecedentes fundamentales -- Antecedentes europeos -- España Miedeval -- Los pobladores aborígenes -- La etapa colombina -- El período de Las Encomiendas -- La industria azucarera -- Economía y sociedad en el siglo XVI --El Siglo XVI -- El Siglo XVII -- Siglo XVIII -- La depresión prolongada del siglo XVII -- Recuperación del siglo XVIII. | ||
| 590 | _aInventariado 2020 /VM. | ||
| 651 | 4 |
_aRepública Dominicana _xCondiciones económicas _xHistoria _91210 |
|
| 651 | 4 |
_aRepública Dominicana _xCondiciones sociales _xHistoria _91211 |
|
| 651 | 4 |
_aRepública Dominicana _xPoblación _xHistoria _91456 |
|
| 910 | _aValidado. Control de calidad MFF | ||
| 942 |
_2ddc _cLBS1 |
||
| 956 | _aValentina Mateo Viñas | ||
| 999 |
_c48804 _d48804 |
||